[Event "Moscow op"]
[Site "Moscow"]
[Date "1995.??.??"]
[Round "8"]
[White "Volkov, Sergey"]
[Black "Bigaliev, Renat"]
[Result "0-1"]
[WhiteElo "2380"]
[BlackElo "2345"]

1.d4 d5 2.c4 Nc6 3.Nc3 dxc4 4.d5 Ne5 5.Qd4 Ng6 6.Nf3 e6 7.e4 exd5 8.exd5 Nf6
9.Bxc4 Bd6 10.Bg5 O-O 11.O-O Bf5 12.Rfe1 Be7 13.Nh4 Nxh4 14.Bxh4 Bg6 15.Re2 a6
16.Rae1 Bd6 17.Kh1 h6 18.f3 Bh7 19.Ne4 Bxe4 20.fxe4 Be7 21.Bxf6 Bxf6 22.e5 Bg5
23.Qe4 Qe7 24.g3 h5 25.h4 Bh6 26.Rf2 Rae8 27.e6 f6 28.d6 cxd6 29.Qg6 f5 30.Rxf5 Rxf5
31.Qxf5 Rf8 32.Qxh5 Rf6 33.g4 Bd2 34.Rd1 g6 35.Qd5 Bf4 36.Kg2 b5 37.Bb3 Be3
38.g5 Rf2+ 39.Kh3 Bf4 40.Kg4 Be5 41.Qe4 Kg7 42.Rc1 Qa7 43.Re1 Rf4+ 44.Qxf4 Bxf4
45.Rf1 Qa8 46.Rf3 Qe4 47.Bc2 Qxc2 48.Kxf4 Qf5+  0-1

[Event "Moscow op2"]
[Site "Moscow"]
[Date "1995.??.??"]
[Round "9"]
[White "Fradkin, Boris"]
[Black "Zhurina, Elizaveta"]
[Result "1/2-1/2"]
[WhiteElo "2365"]
[BlackElo "2240"]

1.d4 d5 2.c4 Nc6 3.Nf3 Bg4 4.e3 e6 5.Nbd2 Nf6 6.a3 a6 7.Qc2 Be7 8.Bd3 Na7
9.b4 c6 10.Ne5 Bh5 11.Bb2 Nd7 12.Nxd7 Qxd7 13.O-O Bf6 14.Nb3 Bg6 15.Nc5 Bxd3
16.Qxd3 Qc7 17.e4 O-O 18.cxd5 cxd5 19.e5 Be7 20.Rac1 Bxc5 21.dxc5 Nc6 22.Rfe1 Qe7
23.Re3 Qg5 24.Rce1 Qg6 25.Qe2 h6 26.Rg3 Qf5 27.Qd2 Kh7 28.Rf3 Qg6 29.Qf4 Rad8
30.Rg3 Qc2 31.Bc1 g5 32.Qd2 Qxd2 33.Bxd2 d4 34.h4 gxh4 35.Rh3 Rg8 36.Rxh4 Rg6
37.g3 Rd5 38.Rhe4 d3 39.Kg2 Rg8 40.a4 h5 41.b5 axb5 42.axb5 Nd4  1/2-1/2

[Event "JUG-chT"]
[Site "Nis"]
[Date "1995.??.??"]
[Round "?"]
[White "Milanovic, Danilo"]
[Black "Petronijevic, Zoran"]
[Result "1/2-1/2"]
[WhiteElo "2325"]
[BlackElo "2375"]

1.d4 d5 2.c4 Nc6 3.Nf3 e5 4.dxe5 Bb4+ 5.Bd2 dxc4 6.e3 Be6 7.Qc1 Qd5 8.Nc3 Bxc3
9.Qxc3 Nge7 10.Be2 Ng6 11.O-O Ngxe5 12.Rfd1 O-O 13.Be1 Nxf3+ 14.Bxf3 Qg5
15.Bxc6 bxc6 16.f3 f5 17.Bg3 Bd5 18.b3 cxb3 19.axb3 Rfe8 20.Kf2 Qe7 21.b4 a6
22.Bxc7 Qxc7 23.Rxd5 Qxh2 24.Rxf5 Qh4+ 25.Kg1 Rad8 26.Rf4 Qg5 27.Re1 Qd5
28.Rd4 Qe6 29.e4 h6 30.Red1 Rxd4 31.Qxd4 Kh7 32.Qc5 Qf6 33.Rd6 Qa1+ 34.Kf2 Qb2+
35.Kf1 Re5 36.Qd4 Qb1+ 37.Kf2 Qc2+ 38.Qd2 Qxd2+ 39.Rxd2 Rb5 40.Rd4 c5 41.bxc5 Rxc5  1/2-1/2

[Event "NLD-chT9596"]
[Site "?"]
[Date "1995.??.??"]
[Round "?"]
[White "Ligterink, Gert"]
[Black "Bartels, Hans A"]
[Result "1-0"]
[WhiteElo "2440"]
[BlackElo "2330"]

1.d4 d5 2.c4 Nc6 3.Nc3 dxc4 4.Nf3 Nf6 5.e4 Bg4 6.Be3 Bxf3 7.gxf3 e5 8.d5 Ne7
9.Qa4+ Nd7 10.d6 cxd6 11.Bxc4 d5 12.Nxd5 Nc6 13.Rg1 a6 14.O-O-O Bd6 15.Nc3 Nd4
16.Bxd4 exd4 17.Rxd4 Bf4+ 18.Kb1 b5 19.Bxf7+ Kxf7 20.Qb3+ Kf8 21.Qe6 Ra7
22.e5 g5 23.Qf5+  1-0

[Event "North Bay op"]
[Site "North Bay"]
[Date "1995.??.??"]
[Round "1"]
[White "Polgar, Zsuzsa"]
[Black "Jung, Hans Rudolf"]
[Result "1-0"]
[WhiteElo "2545"]
[BlackElo "2245"]

1.d4 d5 2.c4 Nc6 3.Nc3 dxc4 4.Nf3 Bg4 5.d5 Bxf3 6.exf3 Ne5 7.Bf4 Nd3+ 8.Bxd3 cxd3
9.Nb5 Rc8 10.Nxa7 Qxd5 11.Nxc8 Qe6+ 12.Be3 Qxc8 13.Qxd3 Nf6 14.O-O e6 15.Rac1 Nd7
16.f4 Be7 17.Bd4 Bf6 18.Bxf6 Nxf6 19.Qa3 Nd5 20.f5 Ne7 21.fxe6 fxe6 22.Qg3 c5
23.Qxg7 Rg8 24.Qxh7 Qc6 25.Qh5+ Rg6 26.f3 c4 27.Kh1 Kf7 28.Qh7+ Rg7 29.Qe4 b5
30.Qxc6 Nxc6 31.a4  1-0

[Event "Rubinstein mem"]
[Site "Polanica Zdroj"]
[Date "1995.??.??"]
[Round "11"]
[White "Ftacnik, Lubomir"]
[Black "Kaminski, Marcin"]
[Result "1-0"]
[WhiteElo "2580"]
[BlackElo "2495"]

1.d4 d5 2.c4 Nc6 3.Nf3 Bg4 4.cxd5 Bxf3 5.gxf3 Qxd5 6.e3 e5 7.Nc3 Bb4 8.Bd2 Bxc3
9.bxc3 Qd6 10.Bg2 Nge7 11.Rb1 b6 12.O-O O-O 13.f4 exf4 14.e4 Rad8 15.e5 Qg6
16.Bxf4 Nd5 17.Qd2 Nxf4 18.Qxf4 Ne7 19.Qg3 Qe6 20.Rb2 c5 21.Rd1 f6 22.Rbd2 fxe5
23.dxe5 Rxd2 24.Rxd2 Qf5 25.h3 Kh8 26.Qe3 Ng6 27.e6 Re8 28.Bc6 Re7 29.Rd8+ Nf8
30.Qe5 Qg6+ 31.Kh2 Kg8 32.Rxf8+ Kxf8 33.Qf4+  1-0

[Event "CRO-Cup"]
[Site "Pula"]
[Date "1995.??.??"]
[Round "5"]
[White "Kozul, Zdenko"]
[Black "Loncar, Robert"]
[Result "1-0"]
[WhiteElo "2570"]
[BlackElo "2385"]

1.d4 d5 2.c4 Nc6 3.cxd5 Qxd5 4.e3 e5 5.Nc3 Bb4 6.Bd2 Bxc3 7.bxc3 Qd6 8.Bd3 Nf6
9.Ne2 O-O 10.Ng3 Re8 11.O-O a6 12.Qc2 Ne7 13.dxe5 Qxe5 14.c4 Ng6 15.Bc3 Qe7
16.Qb2 Ne5 17.Be2 Rb8 18.h3 b5 19.cxb5 axb5 20.Rac1 c5 21.Rfd1 b4 22.Bxe5 Qxe5
23.Qxe5 Rxe5 24.Rxc5 Re8 25.Bb5 Rf8 26.Bc4 Rb6 27.Rd4 Be6 28.Bb3 Bxb3 29.axb3 g6
30.e4 Ra8 31.e5 Ne8 32.Ne4 h6 33.Rcc4 Rab8 34.f4 Kf8 35.Nc5  1-0

[Event "Radviliskis op"]
[Site "Radviliskis"]
[Date "1995.??.??"]
[Round "8"]
[White "Bilinskas, Rajmundas"]
[Black "Sarakauskas, Gediminas"]
[Result "0-1"]
[WhiteElo "2245"]
[BlackElo "2160"]

1.d4 d5 2.c4 Nc6 3.Nf3 Bg4 4.Qa4 Bxf3 5.gxf3 e6 6.Nc3 dxc4 7.e3 a6 8.Qxc4 Nge7
9.f4 Nd5 10.Bg2 Bb4 11.O-O Na5 12.Qd3 O-O 13.Bd2 Nb6 14.b3 c5 15.Ne4 Nc6
16.Bxb4 Nxb4 17.Qd2 Rc8 18.Nxc5 Rxc5 19.Qxb4 Rh5 20.Rfc1 a5 21.Qd2 Qh4 22.h3 g5
23.Qd1 f5 24.d5 gxf4 25.dxe6 Rh6 26.Qd4 Rg6 27.e7 Qxe7 28.Qxf4 Qg7 29.Qf3 f4
30.e4 Nd7 31.Kh1 Ne5 32.Qh5 Rxg2 33.Rc7 Qxc7 34.Kxg2 Rf7 35.Kh1 Ng6  0-1

[Event "St Cugat op"]
[Site "St Cugat"]
[Date "1995.??.??"]
[Round "5"]
[White "Gonzalez Velez, Fermin"]
[Black "Rahal, Michael"]
[Result "1/2-1/2"]
[WhiteElo "2395"]
[BlackElo "2330"]

1.d4 d5 2.c4 Nc6 3.Nf3 e5 4.Nxe5 Nxe5 5.dxe5 d4 6.e4 c6 7.Bd3 Qa5+ 8.Nd2 Qxe5
9.O-O Qc7 10.e5 Be6 11.f4 g6 12.Qc2 O-O-O 13.c5 Ne7 14.Ne4 Nd5 15.Nd6+ Bxd6
16.exd6 Qd7 17.Qa4 Kb8 18.Qxd4 Bf5 19.Bd2 Bxd3 20.Qxd3 Rhe8 21.b4 Qf5 22.Qxf5 gxf5
23.Rfe1 Kc8 24.h3 Kd7 25.Kf2 Nf6 26.Rxe8 Rxe8 27.Kf3 h5 28.Re1 Ne4 29.Re2 Rg8
30.Be1 b6 31.Bf2 a5 32.a3 bxc5 33.bxc5 Rb8 34.g4 hxg4+ 35.hxg4 Rb3+ 36.Kg2 Rc3
37.gxf5 Nxc5 38.Bxc5 Rxc5 39.Re7+ Kxd6 40.Rxf7 Rc3 41.Ra7 Rxa3 42.f6 Rb3
43.f7 Rb8 44.Kf3 Ke6 45.Kg4 Kf6 46.Rc7 a4 47.Rxc6+ Kxf7 48.Ra6 a3 49.Rxa3 Rb6
50.Ra5 Rc6 51.Ra7+ Kf8 52.Kg5 Rb6 53.f5 Rc6 54.Rh7 Kg8 55.Rb7 Kf8 56.Rb5 Kf7
57.Rb7+  1/2-1/2

[Event "St Cugat op"]
[Site "St Cugat"]
[Date "1995.??.??"]
[Round "7"]
[White "Comas Fabrego, Luis"]
[Black "Ferron Garcia, Carlos"]
[Result "1-0"]
[WhiteElo "2490"]
[BlackElo "2290"]

1.d4 d5 2.c4 Nc6 3.Nc3 e5 4.cxd5 Nxd4 5.e3 Nf5 6.Nf3 Bd6 7.Bb5+ Bd7 8.Bxd7+ Qxd7
9.e4 Nfe7 10.O-O f6 11.Qb3 Rb8 12.Be3 Nc8 13.Rac1 Nge7 14.Rc2 a6 15.Rfc1 O-O
16.Na4 Kh8 17.Nc5 Bxc5 18.Rxc5 Qg4 19.Nd2 c6 20.dxc6 b6 21.R5c2 Nd6 22.Qa3 Qe6
23.c7 Ra8 24.Rc6 Nxc6 25.Rxc6 Nb5 26.Qxf8+ Rxf8 27.Rxe6 Nxc7 28.Rxb6  1-0

[Event "Chigorin mem"]
[Site "St Petersburg"]
[Date "1995.??.??"]
[Round "4"]
[White "Kharitonov, Andrei Y"]
[Black "Rychagov, Andrei"]
[Result "1/2-1/2"]
[WhiteElo "2550"]
[BlackElo "2310"]

1.d4 d5 2.c4 Nc6 3.Nc3 dxc4 4.Nf3 Nf6 5.e4 Bg4 6.Be3 e6 7.Bxc4 Bb4 8.Qc2 Qe7
9.Bb5 O-O 10.Bxc6 bxc6 11.Ne5 c5 12.dxc5 Bxc5 13.Bg5 Bh5 14.Nd3 h6 15.Bxf6 gxf6
16.Nxc5 Qxc5 17.O-O Rfd8 18.Kh1 Rd7 19.f4 Rad8 20.Qf2 Qxf2 21.Rxf2 f5 22.exf5 exf5
23.Kg1 f6 24.Rc1 Bf7 25.b3 c6 26.Rcc2 Kf8 27.Rfe2 Rd4 28.g3 Rd3 29.Kf2 R8d6
30.Re3 R3d4 31.Re1 Bh5 32.Rec1 Ke7 33.Ne2 Re4 34.Nc3 Red4 35.Ne2 Re4 36.Nc3  1/2-1/2

[Event "Chigorin mem"]
[Site "St Petersburg"]
[Date "1995.??.??"]
[Round "5"]
[White "Moiseenko, Alexander"]
[Black "Kobalija, Mihail"]
[Result "1/2-1/2"]
[WhiteElo "2275"]
[BlackElo "2430"]

1.d4 d5 2.c4 Nc6 3.Nf3 Bg4 4.cxd5 Bxf3 5.dxc6 Bxc6 6.Nc3 e6 7.e4 Bb4 8.f3 Qh4+
9.g3 Qf6 10.Be3 O-O-O 11.Bg2 Bc5 12.e5 Qe7 13.O-O f6 14.f4 Bxg2 15.Kxg2 Bb6
16.Rf2 Nh6 17.Rd2 Nf5 18.Bf2 h5 19.Rc1 Kb8 20.Na4 Rd5 21.Rc4 Qf7 22.Nc3 Rd7
23.Qe2 Rhd8 24.Qe4 Qg6 25.Kf1 Qg4 26.Rd3 Ne7 27.Kg2 Nf5 28.Kf1 c6 29.a4 Bc7
30.b4 fxe5 31.fxe5 Bb6 32.Qxg4 hxg4 33.Ne2 g5 34.Kg2 a6 35.a5 Bc7 36.Rc5 Rf8
37.Nc3 Rh7 38.Ne4 Bd8 39.Bg1 Be7 40.Rc4 Rhf7 41.Rd1 Ng7 42.Be3 Rf3 43.Bxg5 Bxg5
44.Nxg5 Nf5 45.Nxf3 Ne3+ 46.Kh1 Nxd1 47.Ng1 Rf2 48.d5 Rd2 49.dxe6 Kc7 50.h4 Nf2+
51.Kg2 Nd3+ 52.Kh1 Nf2+ 53.Kg2  1/2-1/2

[Event "BCF-ch"]
[Site "Swansea"]
[Date "1995.??.??"]
[Round "6"]
[White "Levitt, Jonathan"]
[Black "Yeo, Michael J"]
[Result "1-0"]
[WhiteElo "2420"]
[BlackElo "2210"]

1.d4 d5 2.c4 Nc6 3.Nf3 Bg4 4.Nc3 e6 5.cxd5 exd5 6.Qb3 Bxf3 7.Qxb7 Nxd4 8.exf3 Rb8
9.Qa6 Bc5 10.Be3 Nc2+ 11.Kd2 Nxe3 12.Qc6+ Qd7 13.Qxc5 Rxb2+ 14.Kc1 Rc2+ 15.Kb1 Rxc3
16.Qxc3 Nxf1 17.Rxf1 Qb5+ 18.Kc2 Qe2+ 19.Kb3 Qb5+ 20.Qb4 Qxb4+ 21.Kxb4 Kd7
22.Kc5 c6 23.Rab1 Kc7 24.Rfe1 Nf6 25.Kd4 Nd7 26.Re7 Rf8 27.Rbe1 Kd6 28.Re8 c5+
29.Kd3 Rxe8 30.Rxe8 Ne5+ 31.Kd2 c4 32.f4 Nc6 33.Rf8 f6 34.a3 d4 35.h4 Kd5
36.Rf7 Na5 37.Rxa7 Nb3+ 38.Kc2 Nc5 39.Ra5 c3 40.Rb5 Kc4 41.Rb4+ Kd5 42.f3 Na6
43.Rb6 Nc5 44.Rb5 f5 45.h5 g6 46.h6 Kc4 47.Rb4+ Kd5 48.g3 Na6 49.Rb7 Kc4
50.Rxh7 d3+ 51.Kc1  1-0

[Event "Terrasa op"]
[Site "Terrasa"]
[Date "1995.??.??"]
[Round "6"]
[White "Cifuentes Parada, Roberto"]
[Black "Jerez Perez, Alfonso"]
[Result "1-0"]
[WhiteElo "2525"]
[BlackElo "2355"]

1.d4 d5 2.c4 Nc6 3.cxd5 Qxd5 4.Nf3 e5 5.Nc3 Bb4 6.Bd2 Bxc3 7.Bxc3 e4 8.Nd2 Nf6
9.e3 O-O 10.Qb3 Qg5 11.Qb5 Qg6 12.d5 Ne7 13.Bxf6 Qxf6 14.Nxe4 Qe5 15.Nc3 Rd8
16.Rd1 a6 17.Qc5 Nf5 18.Be2 b6 19.Qc4 c6 20.dxc6 Rxd1+ 21.Bxd1 Be6 22.Qe4 Qxe4
23.Nxe4 Rc8 24.Nc3 Rxc6 25.Bf3 Rc7 26.O-O g6 27.Rd1 Kg7 28.Kf1 b5 29.a3 a5
30.Be4 b4 31.axb4 axb4 32.Ne2 Ne7 33.Nd4 Bc4+ 34.Ke1 f5 35.Bf3 Bf7 36.Ra1 Nd5
37.Ra4 Nf6 38.Kd2  1-0

[Event "JUG-chT"]
[Site "Tivat"]
[Date "1995.??.??"]
[Round "11"]
[White "Shneider, Aleksandr"]
[Black "Miladinovic, Igor"]
[Result "1-0"]
[WhiteElo "2530"]
[BlackElo "2555"]

1.d4 d5 2.c4 Nc6 3.Nc3 e6 4.Nf3 Bb4 5.Bg5 f6 6.Bd2 dxc4 7.e3 Bxc3 8.Bxc3 Qd5
9.Nd2 b5 10.b3 e5 11.bxc4 bxc4 12.e4 Qd7 13.d5 Nd8 14.Bxc4 Nf7 15.O-O Nd6
16.Bd3 Nh6 17.Re1 a5 18.f4 Nhf7 19.fxe5 fxe5 20.Nc4 Nxc4 21.Bxc4 Ba6 22.Bxa6 Rxa6
23.Qd3 Ra8 24.Qg3 O-O 25.Bxe5 Nd6  1-0

[Event "Toronto ch"]
[Site "Toronto"]
[Date "1995.??.??"]
[Round "6"]
[White "Southam, Todd"]
[Black "Day, Lawrence A"]
[Result "0-1"]
[WhiteElo "2315"]
[BlackElo "2380"]

1.d4 d5 2.c4 Nc6 3.Nf3 Bg4 4.cxd5 Bxf3 5.dxc6 Bxc6 6.Nc3 e6 7.e4 Bb4 8.f3 Qh4+
9.g3 Qf6 10.Be3 O-O-O 11.Qe2 Ba5 12.O-O-O Ne7 13.Bg2 Qg6 14.Qc4 f5 15.d5 exd5
16.exd5 Qf7 17.b4 Bxd5 18.Nxd5 Rxd5 19.Rxd5 Qxd5 20.Qxd5 Nxd5 21.Bd4 Bxb4
22.Bxg7 Rg8 23.Be5 Rg6 24.Bh3 Ne7 25.Rd1 Rh6 26.Bf1 Rxh2 27.Bc4 Rh6 28.Kb2 Bd6
29.Bg7 Rg6 30.Bf8 Kd7 31.Bd3 Rxg3 32.Bxf5+  0-1

[Event "Trelew Clarin-GP"]
[Site "Trelew"]
[Date "1995.??.??"]
[Round "9"]
[White "Rocabado, Fernando"]
[Black "Diaz, Walter"]
[Result "1/2-1/2"]
[WhiteElo "2170"]
[BlackElo "2160"]

1.d4 d5 2.c4 Nc6 3.Nc3 Nf6 4.Bf4 Bf5 5.e3 e6 6.Nf3 Be7 7.Be2 dxc4 8.Bxc4 O-O
9.h3 Ne4 10.Nxe4 Bxe4 11.O-O Bd6 12.Bxd6 Qxd6 13.Nd2 Bg6 14.Bb5 Ne7  1/2-1/2

[Event "Vienna op"]
[Site "Vienna"]
[Date "1995.??.??"]
[Round "7"]
[White "Savchenko, Stanislav"]
[Black "Kaminski, Marcin"]
[Result "1/2-1/2"]
[WhiteElo "2590"]
[BlackElo "2495"]

1.d4 d5 2.c4 Nc6 3.cxd5 Qxd5 4.e3 e5 5.Nc3 Bb4 6.Bd2 Bxc3 7.bxc3 Qd6 8.Bd3 f5
9.Qb3 Nf6 10.Ne2 Rb8 11.Bc1 Be6 12.Ba3 Qd7 13.Qc2 e4 14.Bb5 a6 15.Ba4 Bc4
16.Bb3 Na5 17.Bb4 Bd3 18.Qd1 Nxb3 19.axb3 Nd5 20.Nf4 Nxf4 21.exf4 b6 22.Qh5+ g6
23.Qh4 Qd8  1/2-1/2

[Event "Vila de Salou"]
[Site "Vila de Salou"]
[Date "1995.??.??"]
[Round "2"]
[White "Del Rey, Diego"]
[Black "Ferron Garcia, Carlos"]
[Result "1-0"]
[WhiteElo "2315"]
[BlackElo "2290"]

1.d4 d5 2.c4 Nc6 3.Nc3 e5 4.cxd5 Nxd4 5.e3 Nf5 6.Nf3 Bd6 7.Bb5+ Bd7 8.Qb3 Nf6
9.Bxd7+ Qxd7 10.Qxb7 O-O 11.Qc6 Qe7 12.Qc4 Rab8 13.e4 Nd4 14.Qd3 c6 15.O-O cxd5
16.Bg5 Qe6 17.Bxf6 Nxf3+ 18.Qxf3 Qxf6 19.Qxf6 gxf6 20.Nxd5 Rxb2 21.Rfc1 Kg7
22.Ne3 Rb6 23.Nf5+ Kg6 24.Rc3 h5 25.Rd1 Bb4 26.Rg3+ Kh7 27.Kf1 Bc5 28.Rc3 Bd4
29.Nxd4 Rd8 30.Rc7 Kg6 31.Rxa7 Rxd4 32.Rxd4 exd4 33.Ra3 Rb2 34.h4 d3 35.Rxd3 Rxa2
36.Rg3+ Kh7 37.Rf3 Kg6 38.Re3 Rb2 39.g3 Ra2 40.Kg2 Rb2 41.Kf3 Ra2 42.Re2 Ra3+
43.Kf4 Ra4 44.Kf3 Ra3+ 45.Re3 Ra2 46.Rc3 Rb2 47.Ke3 Rb1 48.f3 Rb6 49.Rc5 Rb3+
50.Kf4 Rb1 51.Rd5 Ra1 52.Rd8 Rb1 53.g4 hxg4 54.Kxg4 Rg1+ 55.Kf4 Kg7 56.Rd2 Rh1
57.Rg2+ Kf8 58.Kg4 Kg7 59.Rg3 Kh7 60.Kf5 Rxh4 61.Kxf6 Rf4+ 62.Kg5  1-0

[Event "SLO-ch"]
[Site "Vrhnika"]
[Date "1995.??.??"]
[Round "?"]
[White "Jelen, Igor"]
[Black "Jeric, Simon"]
[Result "1-0"]
[WhiteElo "2400"]
[BlackElo "2405"]

1.d4 d5 2.c4 Nc6 3.Nc3 Nf6 4.cxd5 Nxd5 5.e4 Nxc3 6.bxc3 e5 7.d5 Nb8 8.Nf3 Bg4
9.Qa4+ Nd7 10.Nxe5 Qf6 11.Be2 b5 12.Qxb5 Rb8 13.Qa4 Bb4 14.cxb4 Qxe5 15.Bxg4 Qc3+
16.Bd2 Qxa1+ 17.Ke2 Qe5 18.Qxd7+ Kf8 19.Rc1 Qxe4+ 20.Be3 Kg8 21.Rxc7 Rf8
22.Be6 Qg6 23.Rc8 fxe6 24.Rxf8+ Kxf8 25.Bc5+  1-0

[Event "Wattens op"]
[Site "Wattens"]
[Date "1995.??.??"]
[Round "?"]
[White "Boehm, Martin"]
[Black "Sucher, Johannes"]
[Result "1-0"]
[WhiteElo "2265"]
[BlackElo "2100"]

1.d4 d5 2.c4 Nc6 3.cxd5 Qxd5 4.e3 e5 5.Nc3 Bb4 6.Bd2 Bxc3 7.bxc3 exd4 8.cxd4 Nf6
9.Nf3 O-O 10.Be2 Ne4 11.O-O Bf5 12.Qa4 Bg4 13.Qc2 Rfe8 14.h3 Bf5 15.Qb2 Rad8
16.Rfc1 Nxd2 17.Qxd2 Be4 18.Qb2 Qd6 19.Qb5 Ne7 20.Qe5 Nd5 21.Qxd6 Rxd6 22.Nd2 Bg6
23.Bf3 c6 24.a4 Kf8 25.Ra3 Re7 26.Rb3 Nf6 27.a5 a6 28.Rb2 Rdd7 29.Nb3 Ne4
30.Bxe4 Bxe4 31.Nc5 Rc7 32.f3 Bf5 33.e4 Be6 34.g4 g5 35.Kf2 Ke8 36.Ke3 h6
37.Rh2 f6 38.h4 Kf8 39.Kd3 Bc8 40.hxg5 hxg5 41.Rh8+ Kf7 42.Rch1 Be6 43.R1h7+ Kg6
44.Nxe6  1-0

[Event "NBG Open Weilburg"]
[Site "Weilburg"]
[Date "1995.??.??"]
[Round "6"]
[White "Reh, Philipp"]
[Black "Formanek, Edward W"]
[Result "0-1"]
[WhiteElo "2105"]
[BlackElo "2350"]

1.d4 d5 2.c4 Nc6 3.Nc3 dxc4 4.d5 Na5 5.e4 e6 6.Bf4 Nf6 7.Nf3 exd5 8.exd5 Bd7
9.Nd4 Bb4 10.Qe2+ Qe7 11.Qxe7+ Kxe7 12.Bd2 a6 13.O-O-O b5 14.Be2 Rhe8 15.Bf3 Kf8
16.h3 h6 17.g4 Bd6 18.Nc6 Nb7 19.g5 hxg5 20.Bxg5 Bf5 21.Bg4 Bg6 22.f4 Nxg4
23.hxg4 f6 24.f5 Bxf5 25.gxf5 fxg5 26.Nd4 Nc5 27.Ne6+ Kg8 28.Rh5 g6 29.Rh6 gxf5
30.Rdh1 Nxe6 31.dxe6 Kg7 32.Rh7+ Kf6 33.Re1 Rh8 34.Nd5+ Kg6 35.Rf7 Rhf8 36.Rxf8 Rxf8
37.e7 Re8 38.Re6+ Kg7  0-1

[Event "Sonnevanck-A"]
[Site "Wijk aan Zee"]
[Date "1995.??.??"]
[Round "9"]
[White "Brenninkmeijer, Joris"]
[Black "Skembris, Spyridon"]
[Result "1-0"]
[WhiteElo "2490"]
[BlackElo "2525"]

1.d4 d5 2.c4 Nc6 3.cxd5 Qxd5 4.e3 e5 5.Nc3 Bb4 6.Bd2 Bxc3 7.bxc3 Qd6 8.Bd3 Nge7
9.Ne2 O-O 10.O-O b6 11.f3 Be6 12.Qc1 Rad8 13.Be1 Ng6 14.Bf2 Na5 15.Re1 Bc4
16.Bc2 c5 17.Ng3 Qc7 18.Nf5 Be6 19.e4 cxd4 20.cxd4 Rc8 21.Bd3 Qd8 22.Qa3 Bxf5
23.exf5 Nf4 24.Rxe5 Qg5 25.Bg3 Nc6 26.Bxf4 Qxf4 27.Re4 Qd2 28.f6 Nxd4 29.fxg7 Rfe8
30.Rf1 Rxe4 31.fxe4 Kxg7 32.Qe7 Qe3+ 33.Kh1 Rc1 34.Qf6+  1-0

[Event "Zalakaros op"]
[Site "Zalakaros"]
[Date "1995.??.??"]
[Round "2"]
[White "Borocz, Istvan"]
[Black "Ruck, Tamas"]
[Result "1-0"]
[WhiteElo "2415"]
[BlackElo "2265"]

1.d4 d5 2.c4 Nc6 3.Nf3 Bg4 4.Qa4 Bxf3 5.exf3 e6 6.Nc3 Bb4 7.a3 Bxc3+ 8.bxc3 Ne7
9.Rb1 Rb8 10.cxd5 exd5 11.Bd3 O-O 12.O-O Nc8 13.Qc2 h6 14.a4 Nb6 15.Qa2 Na5
16.Ba3 Re8 17.Bc5 Nc8 18.Rfe1 Rxe1+ 19.Rxe1 c6 20.Qe2 Nd6 21.Bxa7 Ra8 22.Bc5 Nac4
23.Bc2 b5 24.axb5 Nxb5 25.Qd3 g6 26.g3 Ra2 27.Re7 Nbd6 28.Re2 Qg5 29.f4 Qg4
30.Re1 Qh3 31.Bxd6 Nxd6 32.Qd1 Nc4 33.Bb3 Rxf2 34.Re8+ Kg7 35.Kxf2 Qxh2+
36.Kf3 Nd2+ 37.Ke3 Ne4 38.Qe1 Qb2 39.Rb8 h5 40.Rb4 Nxg3 41.Bxd5 Qc2 42.Bxc6 Nf5+
43.Kf3 Qd3+ 44.Kf2  1-0

[Event "Zaragoza op-A"]
[Site "Zaragoza"]
[Date "1995.??.??"]
[Round "2"]
[White "Langeweg, Kick"]
[Black "Ferron Garcia, Carlos"]
[Result "1-0"]
[WhiteElo "2385"]
[BlackElo "2290"]

1.d4 d5 2.c4 Nc6 3.Nc3 e5 4.cxd5 Nxd4 5.e3 Nf5 6.Nf3 Bd6 7.Bb5+ Bd7 8.Bxd7+ Qxd7
9.e4 Nfe7 10.O-O Nf6 11.Bg5 h6 12.Bxf6 gxf6 13.Nh4 O-O-O 14.Qf3 Rhg8 15.Qxf6 Qg4
16.g3 Rg5 17.Kh1 Rf8 18.Qf3 Qd7 19.Qe2 a6 20.f4 exf4 21.gxf4 Rg4 22.Nf5 h5
23.Nxe7+ Bxe7 24.e5 Rfg8 25.d6 Qc6+ 26.Qe4 cxd6 27.Nd5 Kb8 28.Rac1 Rxf4 29.Qxf4 Qxd5+
30.Qf3 Qd4 31.Rcd1 Qxb2 32.exd6 Bd8 33.Rf2 Qe5 34.Qxf7 Rg4 35.Qf3 Re4 36.d7 Ka7
37.Qg3 Qe7 38.Qd3 Re3 39.Qd4+ Bb6 40.d8=Q  1-0

[Event "Zaragoza op-A"]
[Site "Zaragoza"]
[Date "1995.??.??"]
[Round "8"]
[White "Eslon, Jaan"]
[Black "Ferron Garcia, Carlos"]
[Result "1-0"]
[WhiteElo "2420"]
[BlackElo "2290"]

1.d4 d5 2.c4 Nc6 3.Nc3 dxc4 4.Nf3 Nf6 5.Bg5 a6 6.d5 Na5 7.e4 h6 8.Bh4 g5
9.Bg3 Nh5 10.Qa4+ c6 11.dxc6 Nxc6 12.Be5 b5 13.Nxb5 axb5 14.Qxa8 Nxe5 15.Nxe5 Bg7
16.Qc6+ Kf8 17.Qxb5 Qd4 18.Nxc4 Qxe4+ 19.Ne3 Nf4 20.O-O-O Bd4 21.Nc2 Bf6
22.f3 Qa8 23.Rd8+ Kg7 24.Rxh8 Kxh8 25.Qe8+ Kg7 26.Bc4 e6 27.Rd1 Qb8 28.Qb5 Qc7
29.g3 Ng6 30.Bd3 Ne5 31.Be4 Nc4 32.b3 Ne3 33.Qc6 Qe5 34.Qxc8 Qb2+ 35.Kd2 Nxd1
36.Kxd1 Qxa2 37.Qc4 Qb1+ 38.Kd2 Bb2 39.Ne1 Qa2 40.Qc2 Qa5+ 41.Ke2 Bd4 42.Qc4 Bc3
43.Nc2 Qe5 44.f4 gxf4 45.gxf4 Qh5+ 46.Ke3 Bb2 47.Nd4 Qxh2 48.Ne2 Qh3+ 49.Bf3 e5
50.b4 Qd7 51.b5 Qa7+ 52.Ke4 exf4 53.Nxf4 Qa8+ 54.Qc6 Qa4+ 55.Kf5 Qd4 56.Nh5+ Kf8
57.Qxh6+ Ke7 58.Qg5+ Kd7 59.Bc6+ Kd6 60.Qd8+ Kc5 61.Qe7+ Kb6 62.Nf4 Ka5 63.Qxf7 Qe5+
64.Kg4 Qd4 65.Qc7+ Qb6 66.Qxb6+ Kxb6 67.Kf5 Bd4 68.Ke6 Bg1 69.Kd7 Bf2 70.Nd5+ Ka5
71.Kc7 Bg3+ 72.Kb7 Bf2 73.Be8 Bg1 74.Kc6 Bf2 75.Bh5 Bg1 76.Be2 Bf2 77.Nf4 Bg1
78.Nd3 Be3 79.Nc5 Kb4 80.Nd7 Bg1 81.b6 Bxb6 82.Kxb6 Kc3 83.Kc5 Kb2 84.Kb4 Kc2
85.Ne5 Kd2 86.Bh5 Ke3 87.Kc4 Ke4 88.Nd3 Kf5 89.Kd5 Kg5 90.Bf3 Kf6 91.Be4 Ke7
92.Bf5 Kf6 93.Ke4 Kg5 94.Ke5 Kh4 95.Kf4 Kh5 96.Nc5 Kh6 97.Ne6 Kh5 98.Bg4+ Kg6
99.Ke5 Kf7 100.Bf5 Kg8 101.Kf6 Kh8 102.Nd8 Kg8 103.Nf7 Kf8 104.Bh7 Ke8 105.Ne5 Kf8
106.Nd7+ Ke8 107.Ke6 Kd8 108.Kd6 Ke8 109.Bg6+ Kd8 110.Ne5 Kc8 111.Nc6 Kb7
112.Kc5 Ka6 113.Nd8 Ka5 114.Be8 Ka6 115.Bb5+ Ka7 116.Kc6 Kb8 117.Kb6 Kc8
118.Nb7 Kb8 119.Bd7 Ka8 120.Nc5 Kb8 121.Na6+  1-0

[Event "Zuerich op"]
[Site "Zuerich"]
[Date "1995.??.??"]
[Round "2"]
[White "Tukmakov, Vladimir B"]
[Black "Horn, Pascal"]
[Result "1-0"]
[WhiteElo "2600"]
[BlackElo "2245"]

1.d4 d5 2.c4 Nc6 3.cxd5 Qxd5 4.e3 e5 5.Nc3 Bb4 6.Bd2 Bxc3 7.bxc3 Nf6 8.f3 e4
9.f4 O-O 10.c4 Qf5 11.Ne2 Re8 12.Rb1 a6 13.Ng3 Qg6 14.Be2 b6 15.O-O Ne7 16.a4 Nf5
17.Nxf5 Bxf5 18.a5 Bh3 19.Rf2 Ng4 20.f5 Qg5 21.Bxg4 Bxg4 22.Qb3 Rab8 23.c5 b5
24.Qd5 Re7 25.Qc6 Bxf5 26.Qxa6 Bd7 27.Qa7 Rc8 28.Qb7 c6 29.a6 Be6 30.Qb6 Qd5
31.Ra1 Ra8 32.Be1 Rea7 33.Rfa2 Qd7 34.Ra3 Qc8 35.Bg3 Bc4 36.h3 h5 37.Kh2 b4
38.Qxb4 Rxa6 39.Rxa6 Rxa6 40.Rb1 Qe6 41.Qb8+ Kh7 42.Qf4 Ra2 43.Rb7 Qg6 44.Rd7 f6
45.Rd8 Rb2 46.Rd6 Bd5 47.Rd7 Bc4 48.Rc7 Bd5 49.Rc8 Ra2 50.Qb8 Qg5 51.Rh8+ Kg6
52.Qe8+ Bf7 53.Qxe4+ Qf5 54.Qxc6 Qd5 55.Qxd5 Bxd5 56.h4 Rxg2+ 57.Kh3 Rc2
58.Bf4 Be4 59.Re8 Kf5 60.Re7 g6 61.Re8 Bc6 62.Rd8 Bg2+ 63.Kg3 Be4 64.Rf8 Ke6
65.Bg5 Rg2+ 66.Kh3 Rf2 67.Re8+ Kf5 68.Bxf6 Rf3+ 69.Kh2 Rxe3 70.Bg5 Re2+ 71.Kg3 Bd3
72.Rd8 Rc2 73.Re8 Re2 74.Rc8 Rc2 75.d5 Be4 76.d6 Rc3+ 77.Kf2 Rc2+ 78.Ke3 Rc3+
79.Kd4 Rd3+ 80.Kc4 Rd1 81.Rf8+ Ke5 82.Re8+ Kf5 83.Kb5 Rb1+ 84.Ka6 Bc6 85.Re7 Rb3
86.Rc7 Bb5+ 87.Ka5 Ke6 88.Rb7 Bc4 89.d7  1-0

[Event "Aegina op"]
[Site "Aegina"]
[Date "1996.??.??"]
[Round "6"]
[White "Nikolaidis, Konstantinos"]
[Black "Miladinovic, Igor"]
[Result "0-1"]
[WhiteElo "2355"]
[BlackElo "2535"]

1.d4 d5 2.c4 Nc6 3.cxd5 Qxd5 4.e3 e5 5.Nc3 Bb4 6.Bd2 Bxc3 7.Bxc3 exd4 8.Ne2 Nge7
9.Nxd4 O-O 10.Nxc6 Qxc6 11.Qd4 Qg6 12.Bd3 Bf5 13.Bxf5 Nxf5 14.Qf4 Nd6 15.O-O Rfe8
16.Rfd1 Re4 17.Qf3 Rae8 18.Rd5 c6 19.Rd3 h5 20.Rad1 R8e6 21.g3 Nf5 22.Rd8+ Kh7
23.R8d7 b5 24.Rxa7 h4 25.Rdd7 Ne7 26.a3 h3 27.Kf1 f6 28.Bb4 c5 29.Bxc5 Rc4
30.Bxe7 Rxe7 31.Qd1 Rxd7 32.Rxd7 f5 33.Rd6 Qe8 34.Qd3 Rc1+ 35.Ke2 Qh5+ 36.f3 Rh1
37.g4 Rxh2+ 38.Kd1 Qf7 39.gxf5 Rh1+ 40.Kd2 Rh2+ 41.Kd1 Qc4 42.Qxc4 bxc4 43.Rd4 Kh6
44.Rxc4 Kg5 45.Rg4+ Kxf5 46.Rxg7 Rxb2 47.Rh7 h2 48.a4 Rb1+ 49.Kc2 h1=Q 50.Rxh1 Rxh1
51.Kc3 Rh3 52.a5 Rxf3 53.a6 Ke6 54.Kb4 Kd6 55.a7 Rf8 56.Kb5 Kc7 57.Ka6 Re8
58.e4 Re6+  0-1

[Event "Aegina op"]
[Site "Aegina"]
[Date "1996.??.??"]
[Round "8"]
[White "Haritakis, Theodoros"]
[Black "Miladinovic, Igor"]
[Result "1/2-1/2"]
[WhiteElo "2320"]
[BlackElo "2535"]

1.d4 d5 2.c4 Nc6 3.cxd5 Qxd5 4.e3 e5 5.Nc3 Bb4 6.Bd2 Bxc3 7.Bxc3 exd4 8.Ne2 Nge7
9.Nxd4 O-O 10.Nxc6 Qxc6 11.Qd4 Qg6 12.O-O-O Nc6 13.Qf4 Bf5 14.Qg3 Qh6 15.Bb5 Rfe8
16.Bxc6 bxc6 17.Rd4  1/2-1/2

[Event "Aegina op"]
[Site "Aegina"]
[Date "1996.??.??"]
[Round "8"]
[White "Nenashev, Alexander"]
[Black "Botsari Miladinovic, Anna Maria"]
[Result "1-0"]
[WhiteElo "2580"]
[BlackElo "2335"]

1.d4 d5 2.c4 Nc6 3.Nc3 dxc4 4.Nf3 Nf6 5.e4 Bg4 6.d5 Ne5 7.Bf4 Ng6 8.Be3 e5
9.Bxc4 a6 10.Be2 Bd6 11.Nd2 Bxe2 12.Qxe2 Qe7 13.O-O O-O 14.Nc4 Bb4 15.f3 b5
16.Nd2 c6 17.dxc6 Bxc3 18.bxc3 Qd6 19.c4 Qxc6 20.cxb5 Qxb5 21.Nc4 Nf4 22.Qc2 Rac8
23.Rfc1 Rxc4 24.Qxc4 Ne2+ 25.Kf2 Nxc1 26.Rxc1 Re8 27.Qxb5 axb5 28.Rc5 Ra8
29.a3 h6 30.Bc1 Nd7 31.Rxb5 Rc8 32.Bb2 f6 33.a4 Rc2+ 34.Ke3 Nc5 35.a5 Ne6
36.Kd3 Rxg2 37.a6 Nc7 38.Rb8+ Kh7 39.a7 Kg6 40.Bc1 Ra2 41.Be3 Ra3+ 42.Ke2 Ra2+
43.Kf1 Ra1+ 44.Kg2 Ra2+ 45.Kh1 Ra1+ 46.Bg1  1-0